000 01076cgm a2200301 4500
001 E2248
008 090401t1995 xxu||||| |||| 00| 0 eng d
035 _a(Sirsi) u38390
041 _aeng
050 _a336.21
100 _aDixon, Tom
245 _aRating - the 1995 revaluation (sound recording)
260 _aLondon
_bRoyal Institution of Chartered Surveyors
_c1995
300 _a1 sound cassette (60 min.)
350 _a11.06
490 _aOwlion Audio Programme
520 _aExplains and discusses the effect of the non-domestic Revaluation, the transitional scheme, and the impact the changes in legislation will have on the way in which Rating Practitioners will need to carry out their responsibilities.
650 _aAUDIO CASSETTES
650 _aRATES AND RATING
650 _aRATING REVALUATION
690 _aRATING AND VALUATION
700 _aPartridge, Charles
700 _aSanderson, Paul
710 _aRoyal Institution of Chartered Surveyors
_94900
710 _aCollege of Estate Management
_9400
942 _n0
948 _c04/03/1997
999 _c85230
_d85230